000 00464nam a2200193Ia 4500
005 20240403130828.0
008 131103s9999 xx 000 0 und d
040 _aLoreto College
041 _aEnglish
082 _a170
_bNEW
245 2 _aA New Look At Life
_b
250 _ateacher's manual
260 _aN.Y.
_bPaulist
_c1970
300 _a226p.
440 _aCome to the Father Program
650 _aMoral Science
850 _aLCBED
942 _cBK
999 _c31983
_d82462